| 000 | 01293nam a2200325 i 4500 | ||
|---|---|---|---|
| 001 | bg | ||
| 100 | 1 | _aGESTELAND, Richard R. | |
| 245 | 1 | 0 |
_aRóżnice kulturowe a zachowania w biznesie / _cRichard R. Gesteland ; przekł. Hanna Malarecka-Simbierowicz ; Fundacja Edukacyjna Przedsiębiorczości. |
| 246 |
_iTyt. oryg.: _aCross-cultural business behavior : marketing, negotiating and managing across cultures |
||
| 260 |
_aWarszawa : _bWydaw. Naukowe PWN, _c2000. |
||
| 300 |
_a301, [2] s. ; _c21 cm. |
||
| 490 | 1 | _aPrzedsiębiorczość | |
| 500 | _aTyt. oryg.: "Cross-cultural business behavior : marketing, negotiating and managing across cultures" 1999. - Na okł. podtyt.: marketing, negocjacje i zarządzanie w różnych kulturach. | ||
| 504 | _aBibliogr. | ||
| 650 | 9 |
_aEtnopsychologia _xzagadnienia |
|
| 650 | 9 | _aMarketing | |
| 650 | 9 |
_aMiędzynarodowe stosunki gospodarcze _xsocjologia |
|
| 650 | 9 | _aNegocjacje | |
| 650 | 9 | _aZarządzanie | |
| 655 | _aPodręczniki | ||
| 710 | 0 | _aFundacja Edukacyjna Przedsiębiorczości | |
| 830 | _aPrzedsiębiorczość | ||
| 020 | _a8301130318 | ||
| 040 | _cBPK | ||
| 041 | 1 |
_apl _hen |
|
| 080 | _a339.138:316.334.2:159.922.4:65.01](07) | ||
| 920 | _a83-01-13031-8 | ||
| 942 | _cKS | ||
| 008 | s pl f |000 0 pol | ||
| 999 |
_c37140 _d37140 |
||
| 856 |
_uhttp://koha.tu.koszalin.pl/cgi-bin/koha/opac-detail.pl?biblionumber=37140 _yKatalog online BPK |
||